LIBRARY ONLINE CATALOGUE

The Optional protocol to the UN convention against torture / (Record no. 10379)

MARC details
000 -LEADER
fixed length control field 00846cam a22002292 4500
001 - CONTROL NUMBER
control field 0000024626
005 - DATE AND TIME OF LATEST TRANSACTION
control field 20151217152305.0
008 - FIXED-LENGTH DATA ELEMENTS--GENERAL INFORMATION
fixed length control field 140115s xx 000 0 eng d
020 ## - INTERNATIONAL STANDARD BOOK NUMBER
International Standard Book Number 0199602193 :
040 ## - CATALOGING SOURCE
Original cataloging agency KABU
Transcribing agency KABU
245 14 - TITLE STATEMENT
Title The Optional protocol to the UN convention against torture /
Statement of responsibility, etc. Rachel Murray ... [et al.]
250 ## - EDITION STATEMENT
Edition statement 1st ed.
260 ## - PUBLICATION, DISTRIBUTION, ETC. (IMPRINT)
Place of publication, distribution, etc. Oxford :
Name of publisher, distributor, etc. O. U. P.,
Date of publication, distribution, etc. 2011.
300 ## - PHYSICAL DESCRIPTION
Extent xx, 241 p.
630 00 - SUBJECT ADDED ENTRY--UNIFORM TITLE
Uniform title Convention against Torture and other Cruel, Inhuman, or Degrading Treatment or Punishment
Date of treaty signing 1984.
-- 2012.
Form subheading Protocols, etc.
-- 0000185011
650 #0 - SUBJECT ADDED ENTRY--TOPICAL TERM
Topical term or geographic name as entry element Torture (International law)
-- 0000185012
650 #0 - SUBJECT ADDED ENTRY--TOPICAL TERM
Topical term or geographic name as entry element Torture
General subdivision Prevention.
-- 0000185013
700 1# - ADDED ENTRY--PERSONAL NAME
Personal name Murray, Rachel ... [et al.]
-- 0000185014
852 1# - LOCATION
-- p9990 KES
908 ## - PUT COMMAND PARAMETER (RLIN)
Put command parameter 140115
950 ## - LOCAL HOLDINGS (RLIN)
-- 1
Holdings
Withdrawn status Lost status Source of classification or shelving scheme Not for loan Home library Current library Date acquired Total Checkouts Full call number Barcode Date last seen Price effective from Koha item type
    Library of Congress Classification   Kabarak, Main Campus Kabarak, Main Campus 17/12/2015   KZ7170 .A61984O68 2011 c. 1 016309 17/12/2015 17/12/2015 General Collection